00327nam a2200097Ia 4500008004100000245004100041245006100082260000900143650002900152856004800181171211s9999 xx 000 0 und d aTechnologies of Inclusive Well-Being cAnthony Lewis Brooks, Lakhmi C. Jain, and Sheryl Brahnam c2014 xINFORMATION TECHNOLOGIES uhttp://down.ebook777.com/064/3642454313.pdf